Central Library OPAC University of Rajshahi

The economic development of Ceylon : (Record no. 2238)

MARC details
000 -LEADER
fixed length control field 00945nam a22002531a 4500
001 - CONTROL NUMBER
control field 2238
003 - CONTROL NUMBER IDENTIFIER
rucl marc code BD-RjUL
005 - DATE AND TIME OF LATEST TRANSACTION
control field 20211208233517.0
008 - FIXED-LENGTH DATA ELEMENTS--GENERAL INFORMATION
fixed length control field 15 s1953 mdu 000 0 eng
035 ## - SYSTEM CONTROL NUMBER
System control number (BD-RjUL)2265
System control number (OCoLC)894268
040 ## - CATALOGING SOURCE
Original cataloging agency DLC
Transcribing agency PPD
Modifying agency OCoLC
-- DLC
-- BD-RjUL
Language of cataloging eng
041 ## - LANGUAGE CODE
Language code of text/sound track or separate title eng
082 ## - DEWEY DECIMAL CLASSIFICATION NUMBER
Classification number 330.954
Author mark and year WOE 1953
110 2# - MAIN ENTRY--CORPORATE NAME
Corporate name or jurisdiction name as entry element World Bank
9 (RLIN) 116756
245 14 - TITLE STATEMENT
Title The economic development of Ceylon :
Remainder of title a report of a mission organized by the International Bank for Reconstruction and Development at the request of the Government of Ceylon /
260 ## - PUBLICATION, DISTRIBUTION, ETC. (IMPRINT)
Place of publication, distribution, etc. [Baltimore]
Name of publisher, distributor, etc. Published for the International Bank for Reconstruction and Development by the Johns Hopkins Press
Date of publication, distribution, etc. [1953]
300 ## - PHYSICAL DESCRIPTION
Pagination xxxii, 829 p. :
Illustrations illus. ;
Size 24 cm.
651 #0 - SUBJECT ADDED ENTRY--GEOGRAPHIC NAME
Geographic name Sri Lanka
General subdivision Economic policy.
9 (RLIN) 116757
Geographic name Sri Lanka
General subdivision Economic conditions.
9 (RLIN) 116758
942 ## - ADDED ENTRY ELEMENTS (KOHA)
Source of classification or shelving scheme Dewey Decimal Classification
Koha item type Books
Holdings
Lost status Source of classification or shelving scheme Damaged status Not for loan Collection code Permanent Location Current Location Shelving location Date acquired Source of acquisition Cost, normal purchase price Total Checkouts Full call number Date last seen Copy number Koha item type
  Dewey Decimal Classification     Non-fiction Central Library, University of Rajshahi Central Library, University of Rajshahi   13/11/1956 Blackwell 3.00   330.954 WOE 1953 17/05/2015 C-2 Books